Cẩm nang Linux Dành cho người dùng và các điều hành viên hệ thống

में बचाया:
ग्रंथसूची विवरण
मुख्य लेखक: Nguyễn Tiến
स्वरूप: पुस्तक
भाषा:Undetermined
प्रकाशित: Hà Nội Giáo Dục 1999
विषय:
टैग : टैग जोड़ें
कोई टैग नहीं, इस रिकॉर्ड को टैग करने वाले पहले व्यक्ति बनें!
Thư viện lưu trữ: Trung tâm Học liệu Trường Đại học Cần Thơ
LEADER 00611nam a2200181Ia 4500
001 CTU_36196
008 210402s9999 xx 000 0 und d
082 |a 005.28 
082 |b T305 
100 |a Nguyễn Tiến 
245 0 |a Cẩm nang Linux 
245 0 |b Dành cho người dùng và các điều hành viên hệ thống 
245 0 |c Nguyễn Tiến, Nguyễn Văn Hoài, Đặng Xuân Hường 
260 |a Hà Nội 
260 |b Giáo Dục 
260 |c 1999 
650 |a linux ( computer programs ) 
980 |a Trung tâm Học liệu Trường Đại học Cần Thơ